| 000 | 00572nam a2200205Ia 4500 | ||
|---|---|---|---|
| 003 | OSt | ||
| 005 | 20221002055044.0 | ||
| 006 | a|||||r|||| 00| 0 | ||
| 007 | ta | ||
| 008 | 220930b |||||||| |||| 00| 0 pan d | ||
| 024 | _a71749 | ||
| 037 | _cReference Collections | ||
| 040 |
_aCRL _cCRL _bpun |
||
| 041 |
_2pun _apun |
||
| 082 | _aQ8441:21:g, 153H9.2(RR) | ||
| 245 | 0 | _aਕੋF ਸ੍ਰੀ ਦਸਮ ਗ੍ਰੰਥ ਸਾਹਿਬ | |
| 260 | _c1929 | ||
| 942 |
_hQ8441:21:g, 153H9.2(RR) _cref _2CC |
||
| 999 |
_c926629 _d926629 |
||